000 00392cam a2200181ua 4500
020 _c2.00
041 _ahin
_h
082 _a891.54
_bSAV/RO
100 _aSavitri, Devi Varma .
245 _aRoop soundarya
260 _aDelhi :
_bRajkamal Prakash ,
_c1961.
300 _a140 ; .
365 _a2.00
504 _a
942 _cBK
999 _c4098
_d4098